000 00636nam a2200169Ia 4500
999 _c2662
_d2662
003 DO-SdBJH
005 20180416175613.0
008 180414s9999 dr 000 0 spa d
040 _aDO-SdBJH
_bspa
_cDO-SdBJH
090 _aDM P-314 1986
110 _aInstituto de Cooperación para la Seguridad Hemisférica
245 1 0 _aP 314 Operaciones nucleares, biológicas y químicas / Instituto de Cooperación para la Seguridad Hemisférica
260 _aFuerte Benning, Georgia : Cuartel General Secretaría del Ejército, 1986
300 _avii, 150 páginas en varias paginaciones
650 4 _aOperaciones nucleares
942 _2ddc
_cBK